| 000 | 01274nam a2200289 4500 | ||
|---|---|---|---|
| 001 | 0000022225 | ||
| 003 | CO-CtgCURN | ||
| 005 | 20250331184415.0 | ||
| 007 | ta | ||
| 008 | 160627s2005 000 0 eng d | ||
| 020 | _a9583505277 | ||
| 040 |
_aCO-CtgCURN _bspa _ccoctgcurn |
||
| 082 | 0 |
_a340.1 _bM516t |
|
| 100 | 1 | _aMejia Quintana, Oscar. | |
| 245 | 1 | 0 |
_aTeoria política, democracia radical y filosofia del derecho / _coscar Mejia Quintana. |
| 260 |
_aBogotá : _bTemis, _c2005. |
||
| 300 | _axxv, 454 p. | ||
| 336 | _2rdacontent | ||
| 337 |
_2rdamedia _asin mediacion _bn |
||
| 338 |
_2rdacarrier _avolumen _bnc |
||
| 504 | _aBibliografia (p. [425]-446) | ||
| 505 | 8 | _aEl problema trilematico de la filosofia practica y las ciencias sociales en Colombia.--La relacion problematica entre legitimidad, validez y eficacia.--El marxismo analitico y la libertad real: legitimidad y validez reducidas a eficacia.--El paradigma autopoietico en la teoria de Niklas Luhmann y el problema de la validez.--Elementos para una recontrucción del estatuto epistemologicos de la filosofia del derecho | |
| 650 | 1 | 4 | _aTeoria política. |
| 908 | _a160627 | ||
| 942 |
_cBK _h340.1 _iM516t _2ddc |
||
| 999 |
_c18727 _d18727 |
||